Central Library OPAC University of Rajshahi

Calcutta Madrasah and modern education : (Record no. 40401)

MARC details
000 -LEADER
fixed length control field 01006cam a2200277 i 4500
001 - CONTROL NUMBER
control field 40401
003 - CONTROL NUMBER IDENTIFIER
rucl marc code BD-RjUL
005 - DATE AND TIME OF LATEST TRANSACTION
control field 20211209053214.0
008 - FIXED-LENGTH DATA ELEMENTS--GENERAL INFORMATION
fixed length control field 151128s2015 ii ab b 001 0 eng d
020 ## - INTERNATIONAL STANDARD BOOK NUMBER
International Standard Book Number 9789380036809
Terms of availability : IRs.250.00
035 ## - SYSTEM CONTROL NUMBER
System control number (BD-RjUL)40516
040 ## - CATALOGING SOURCE
Original cataloging agency BD-RjUL
Language of cataloging eng
Transcribing agency BD-RjUL
041 ## - LANGUAGE CODE
Language code of text/sound track or separate title eng
082 04 - DEWEY DECIMAL CLASSIFICATION NUMBER
Classification number 371.828297
Edition number 23
Author mark and year HOC 2015
100 1# - MAIN ENTRY--PERSONAL NAME
Personal name Hossain, Anowar,
9 (RLIN) 124458
245 10 - TITLE STATEMENT
Title Calcutta Madrasah and modern education :
Remainder of title role of Nawab Abdul Latif in the historical perspective /
Statement of responsibility, etc. Anowar Hossain.
260 ## - PUBLICATION, DISTRIBUTION, ETC. (IMPRINT)
Place of publication, distribution, etc. Kolkata :
Name of publisher, distributor, etc. Mitram,
Date of publication, distribution, etc. 2015
300 ## - PHYSICAL DESCRIPTION
Pagination 312 pages :
Illustrations illustrations (colour), 1 map (colour) ;
Size 22 cm
504 ## - BIBLIOGRAPHY, ETC. NOTE
Bibliography, etc Includes bibliographical references (pages 281-292) and index.
600 00 - SUBJECT ADDED ENTRY--PERSONAL NAME
Personal name Abdul Latif,
Dates associated with a name 1828-1893.
610 20 - SUBJECT ADDED ENTRY--CORPORATE NAME
Corporate name or jurisdiction name as entry element Calcutta Madrasah
650 #0 - SUBJECT ADDED ENTRY--TOPICAL TERM
Topical term or geographic name as entry element Schools, British
Geographic subdivision India
-- Bengal
General subdivision History.
9 (RLIN) 124460
Topical term or geographic name as entry element Muslims
General subdivision Education
Geographic subdivision India
-- Bengal
General subdivision History.
9 (RLIN) 124461
942 ## - ADDED ENTRY ELEMENTS (KOHA)
Source of classification or shelving scheme Dewey Decimal Classification
Koha item type Books
Holdings
Lost status Source of classification or shelving scheme Damaged status Not for loan Collection code Permanent Location Current Location Shelving location Date acquired Source of acquisition Cost, normal purchase price Total Checkouts Full call number Date last seen Copy number Koha item type
  Dewey Decimal Classification     Non-fiction Central Library, University of Rajshahi Central Library, University of Rajshahi   15/02/2016 RUCL 250.00   371.828297 HOC 2015 30/04/2016 C-2 Books